MARC

LEADER 00000nam0a2200000 4500
001 283069
005 20231101235547.0
020 |a RU  |b 86-102904 
035 |a (RuTPU)RU\TPU\book\307098 
090 |a 283069 
100 |a 20150204d1986 k y0rusy5003 ca 
101 0 |a rus 
102 |a RU 
105 |a a z 001zy 
200 1 |a Проектирование открытой разработки месторождений  |e сборник научных трудов  |f Ленинградский горный институт им. Г. В. Плеханова (ЛГИ) ; под ред. А. И. Арсентьева 
210 |a Ленинград  |c Изд-во ЛГИ  |d 1986 
215 |a 134 с.  |c ил. 
320 |a Библиогр. в конце статей 
606 1 |a Угольные месторождения  |x Открытая разработка  |2 stltpush  |3 (RuTPU)RU\TPU\subj\62694  |9 79763 
610 1 |a освоение 
610 1 |a глубокие карьеры 
610 1 |a открытый способ 
610 1 |a залежи 
610 1 |a углубка 
610 1 |a вскрытие 
610 1 |a горные работы 
610 1 |a планирование 
610 1 |a буровзрывные работы 
675 |a 622.271.3  |v 3 
702 1 |a Арсентьев  |b А. И.  |c русский ученый в области горных наук  |c создатель научной школы по проблемам теории проектирования карьеров  |c самостоятельно занимается живописью и графикой  |f 1918-  |g Александр Иванович  |2 stltpush  |3 (RuTPU)RU\TPU\pers\23263  |4 340  |9 10052 
712 0 2 |a Ленинградский горный институт им. Г. В. Плеханова (ЛГИ)  |c (1924-1991)  |2 stltpush  |3 (RuTPU)RU\TPU\col\1021 
801 0 |a RU  |b RuMRKP  |c 19950417  |g psbo 
801 1 |a RU  |b 63413507  |c 20150204 
801 2 |a RU  |b 63413507  |c 20180116  |g RCR 
942 |c BK